Statistics for MLB Baseball - 3,000 Hit Club

Click here to take the quiz!

General Stats

  • This quiz has been taken 641 times
  • The average score is 20 of 32

Answer Stats

HitsTeamPlayer% Correct
4,256RedsPete Rose
95%
4,191TigersTy Cobb
90%
3,771BravesHank Aaron
89%
3,202CardinalsAlbert Pujols
88%
3,465YankeesDerek Jeter
88%
3,184OriolesCal Ripken Jr.
83%
3,000PiratesRoberto Clemente
82%
3,630CardinalsStan Musial
82%
3,154RoyalsGeorge Brett
78%
3,141PadresTony Gwynn
75%
3,283GiantsWillie Mays
75%
3,115YankeesAlex Rodriguez
72%
3,089MarinersIchiro Suzuki
71%
3,142BrewersRobin Yount
71%
3,055AthleticsRickey Henderson
70%
3,060AstrosCraig Biggio
68%
3,319BrewersPaul Molitor
63%
3,430PiratesHonus Wagner
62%
3,007TigersAl Kaline
54%
3,053TwinsRod Carew
54%
3,166RangersAdrián Beltré
53%
3,010Red SoxWade Boggs
53%
3,255OriolesEddie Murray
51%
3,514IndiansTris Speaker
45%
3,020RangersRafael Palmeiro
43%
3,252IndiansNap Lajoie
42%
3,110YankeesDave Winfield
38%
3,023CardinalsLou Brock
38%
3,419Red SoxCarl Yastrzemsk
36%
3,011CubsCap Anson
33%
3,152PiratesPaul Waner
26%
3,315AthleticsEddie Collins
24%

Score Distribution

Percentile by Number Answered

Percent of People with Each Score

Your Score History

You have not taken this quiz